Gobernabilidad, ajuste y rendición de cuentas en un Estado democrático y de derecho /

Para abordar el tema de rendición de cuentas en un Estado democrático de derecho, en el presente documento se desarrollan e hilvanan una serie de conceptos fundamentales, se introducen definiciones básicas de gobernabilidad y Estado democrático, a partir de las cuales que se trabajan los conceptos d...

Ausführliche Beschreibung

Gespeichert in:
Bibliographische Detailangaben
1. Verfasser: Gutiérrez Saxe, Miguel
Format: Text
Schlagworte:
Tags: Tag hinzufügen
Keine Tags, Fügen Sie den ersten Tag hinzu!

MARC

LEADER 00000 a a2200000 04500
001 40990
003
040
100 |a Gutiérrez Saxe, Miguel  
245 |a Gobernabilidad, ajuste y rendición de cuentas en un Estado democrático y de derecho /  |c Miguel Gutiérrez Saxe  
520 |a Para abordar el tema de rendición de cuentas en un Estado democrático de derecho, en el presente documento se desarrollan e hilvanan una serie de conceptos fundamentales, se introducen definiciones básicas de gobernabilidad y Estado democrático, a partir de las cuales que se trabajan los conceptos de calidad de la democracia y la rendición de cuentas. De la relación de ambos conceptos emerge un tercero, convertido en una categoría importante, según las investigaciones de la Auditoría Ciudadana sobre la Calidad de la Democracia : el trato ciudadano.Al final del documento se exponen lo que podrían ser consideradas como tres buenas prácticas o al menos, como casos esperanzadores en la rendición de cuentas a los ciudadanos. 
650 |a GOBERNABILIDAD/DEMOCRACIA/EVALUACION/PARTICIPACON POLITICA/PARTICIPACION SOCIAL/OPINION PUBLICA/COMPORTAMIENTO POLITICO  
773 |g páginas 57-90  
999 |c 31742  |d 31742